| 000 | nam a22 7a 4500 | ||
|---|---|---|---|
| 999 |
_c16080 _d16080 |
||
| 008 | 161108b xxu||||| |||| 00| 0 eng d | ||
| 020 | _a9781439085813 | ||
| 050 | _aN 5300 .K54 2011 | ||
| 100 |
_aKleiner, Fred S. _d2011. |
||
| 245 |
_aGardner's art through the ages : _ba global history/ _cFred S. Kleiner |
||
| 250 | _a13th ed | ||
| 260 |
_aAustralia : _bWadsworth Cengage Learning, _c2011. |
||
| 300 |
_a2 volumes: _billustrations (chiefly color) ; _c30cm. |
||
| 521 | _aIncludes index. | ||
| 650 | _aArt -- History. | ||
| 650 | _aArt. | ||
| 942 |
_2lcc _cBOOKS _hN 5300 .K54 2011 |
||